00742nam a2200133 4500020001800000022001500018050001700033100001900050245010300069260004200172300002500214505031500239650005400554 a9780070170353 a0070170355 aPE1417b.D58 aDiYanni Robert aCritical PerspectivesbApproahces to the analysis and interpretation of LiteraturecRobert DiYanni aNew York :bMcGraw-Hill, Inc. :c1995 av, 67 pages :c21 cm aReading For Analysis Introduction Formalist Perspectives Biographical Perspectives Historical Perspectives Psychological Perspectives Sociological Perspectives Reader-Response Perspectives Mythological Perspectives Structuralist Perspectives Deconstructive Perspectives Cultural Studie Perspectives Conclusion aLiteraturexLiterature -- History and criticism.